| 000 | 00664nam a22002057a 4500 | ||
|---|---|---|---|
| 999 |
_c11057 _d11057 |
||
| 003 | AR-CdUCM | ||
| 008 | 190402b ||||| |||| 00| 0 spa d | ||
| 040 |
_aMUNICIPALIDAD PROVINCIAL DEL CUSCO _cBIBLIOTECA MUNICIPAL DEL CUSCO |
||
| 082 |
_aES / 373.511 / _bD68 |
||
| 100 |
_aDiaz, Marco _928190 |
||
| 245 | _aRazonamiento Matematico / | ||
| 260 |
_aLima : _bAsociación Prisma, _bStella, _c1942. |
||
| 300 |
_a137 paginas ; _bilustraciones, graficos, dibujos, _c28 cm. |
||
| 500 | _aMatematicas | ||
| 650 |
_aRazonamiento matematico _928156 |
||
| 650 |
_aTexto educativo _925832 |
||
| 650 |
_aFiguras geometricas _920967 |
||
| 942 |
_2ddc _cLIBROS |
||
| 945 | _apjha | ||